[Event "Xtracon Grandmaster "]
[Site "Koge"]
[Date "2013.10.19"]
[Round "7"]
[White "Stuhr, Peter Sebastian"]
[Black "Olsen, Michael Richard W"]
[Result "0-1"]
[WhiteElo "1939"]
[BlackElo "1967"]
[PlyCount "140"]
[EventDate "2013.10.14"]
[EventType "swiss"]
[EventRounds "9"]
[EventCountry "DEN"]
[Source "ChessBase"]
[SourceDate "2013.11.20"]

1. e4 e6 2. Nc3 d5 3. f4 dxe4 4. Nxe4 Nf6 5. Nf2 Bc5 6. Qe2 Bd7 7. c3 Bc6 8. d4
Bd6 9. Nf3 O-O 10. Ne5 Be8 11. Nfg4 Nd5 12. Qf3 f5 13. Nf2 Nd7 14. Nfd3 Rb8 15.
Be2 N7f6 16. Qh3 b6 17. Bf3 c5 18. Bd2 cxd4 19. cxd4 Rc8 20. g4 Ne4 21. Qg2
Qh4+ 22. Kd1 Bxe5 23. fxe5 Ba4+ 24. b3 Bb5 25. Bxe4 fxe4 26. Qxe4 Bxd3 27. Qxd3
Qxg4+ 28. Ke1 Rf3 29. Qe2 Rcf8 30. Rc1 Qxd4 31. Rc4 Qa1+ 32. Rc1 Qxa2 33. Rg1
Qxb3 34. Qe4 R3f7 35. Qg4 Qd3 36. Qxe6 Qe4+ 37. Kd1 Ne3+ 38. Bxe3 Qxe3 39. Rg3
Rd8+ 40. Kc2 Rd2+ 41. Kb1 Qe4+ 42. Ka1 Qa4+ 43. Kb1 Qe4+ 44. Ka1 Qd4+ 45. Rgc3
h6 46. Kb1 Qe4+ 47. Ka1 Qa4+ 48. Kb1 Qe4+ 49. Ka1 Qa4+ 50. Kb1 Qb4+ 51. Rb3 Qe7
52. Rc8+ Kh7 53. Qxe7 Rxe7 54. Re3 Rd5 55. Ra8 Rdxe5 56. Rxe5 Rxe5 57. Rxa7
Re1+ 58. Kc2 Re2+ 59. Kd3 Rxh2 60. Ra1 Rb2 61. Kc3 Rb5 62. Kc4 Rf5 63. Rb1 b5+
64. Kd4 g6 65. Ke4 h5 66. Rc1 Kh6 67. Rc6 Kg5 68. Ke3 h4 69. Rb6 h3 70. Rb8 Kg4
0-1

[Event "Xtracon Grandmaster "]
[Site "Koge"]
[Date "2013.10.19"]
[Round "7"]
[White "Wang, Peter"]
[Black "Bengtsson, Tage"]
[Result "0-1"]
[WhiteElo "1941"]
[BlackElo "2099"]
[PlyCount "108"]
[EventDate "2013.10.14"]
[EventType "swiss"]
[EventRounds "9"]
[EventCountry "DEN"]
[Source "ChessBase"]
[SourceDate "2013.11.20"]

1. e4 c6 2. d4 d5 3. e5 Bf5 4. Bd3 Bxd3 5. Qxd3 e6 6. Ne2 Ne7 7. O-O Nd7 8. Ng3
c5 9. c3 Qb6 10. Nd2 Nc6 11. Nf3 Rc8 12. Bd2 cxd4 13. cxd4 Be7 14. Nh5 g6 15.
Ng3 Qxb2 16. Rfb1 Qa3 17. Qxa3 Bxa3 18. Rxb7 Be7 19. Bh6 Bd8 20. Rc1 Rb8 21.
Rxb8 Ndxb8 22. h4 Kd7 23. Ne2 Be7 24. g3 Rc8 25. Bg5 Bf8 26. Be3 h6 27. Nh2 Nb4
28. Rxc8 Kxc8 29. Nc3 N8c6 30. Kf1 Nc2 31. Nf3 Bb4 32. Nb5 a6 33. Nd6+ Bxd6 34.
exd6 Nxe3+ 35. fxe3 f6 36. g4 g5 37. hxg5 hxg5 38. Ke2 Kd7 39. Kd2 Kxd6 40. Ng1
e5 41. Kc3 Ke6 42. Ne2 f5 43. a4 fxg4 44. Ng3 e4 45. Nh5 Kd6 46. Ng3 Na5 47.
Nf5+ Ke6 48. Ng7+ Kd7 49. Nf5 Nc4 50. Kb4 Nd6 51. Ng3 Kc6 52. Ka5 Kb7 53. Kb4
Kb6 54. Nf1 Nf5 0-1

[Event "Xtracon Grandmaster "]
[Site "Koge"]
[Date "2013.10.19"]
[Round "8"]
[White "Akdag, Dara Sevkan"]
[Black "Sorensen, Dick"]
[Result "1-0"]
[WhiteElo "2278"]
[BlackElo "1974"]
[PlyCount "41"]
[EventDate "2013.10.14"]
[EventType "swiss"]
[EventRounds "9"]
[EventCountry "DEN"]
[Source "ChessBase"]
[SourceDate "2013.11.20"]

1. d4 d5 2. c4 e6 3. Nc3 Be7 4. cxd5 exd5 5. Bf4 c6 6. e3 Bf5 7. g4 Bg6 8. h4
Bxh4 9. Qb3 b6 10. Rxh4 Qxh4 11. Nxd5 Nf6 12. Nc7+ Kf8 13. Nxa8 Nbd7 14. Qa3+
Kg8 15. Qxa7 Nxg4 16. Bg3 Qd8 17. Rc1 c5 18. Nxb6 Nxb6 19. Bc7 Qe8 20. Bb5 Qc8
21. Bxb6 1-0

[Event "Xtracon Grandmaster "]
[Site "Koge"]
[Date "2013.10.19"]
[Round "8"]
[White "Andersen, Finn"]
[Black "Andreasen, Jon S"]
[Result "0-1"]
[WhiteElo "2060"]
[BlackElo "2239"]
[PlyCount "149"]
[EventDate "2013.10.14"]
[EventType "swiss"]
[EventRounds "9"]
[EventCountry "DEN"]
[Source "ChessBase"]
[SourceDate "2013.11.20"]

1. Nf3 Nf6 2. d3 d5 3. Nbd2 e6 4. e4 b6 5. c3 Be7 6. Be2 O-O 7. O-O c5 8. Re1
dxe4 9. dxe4 Bb7 10. Qc2 Qc7 11. Bf1 Nc6 12. g3 Rad8 13. Nc4 b5 14. Bf4 Qc8 15.
Na3 a6 16. Bg2 Nd7 17. Rad1 c4 18. Bd6 Bxd6 19. Rxd6 Nc5 20. Rxd8 Rxd8 21. Nb1
Qd7 22. Bf1 h6 23. b3 Nd3 24. Re3 Nce5 25. Nxe5 Nxe5 26. bxc4 bxc4 27. Na3 Qc6
28. Be2 f5 29. Nb1 fxe4 30. Nd2 Nf3+ 31. Nxf3 exf3 32. Bf1 Qd5 33. Qg6 e5 34.
Re1 e4 35. Qb6 Rc8 36. Bh3 Re8 37. Bf1 Kh7 38. Qb4 a5 39. Qb6 Re6 40. Qe3 Rd6
41. Rb1 Bc6 42. h4 Qd2 43. Qc5 Qd5 44. Qe3 Bd7 45. Qf4 Rf6 46. Qe3 Ba4 47. Rc1
Re6 48. Bh3 Rd6 49. Qf4 Bd7 50. Bf1 Re6 51. Qe3 Re7 52. Rb1 Ba4 53. Rc1 Rc7 54.
Qf4 Rf7 55. Qe3 Re7 56. Qd4 Qxd4 57. cxd4 Rd7 58. Bxc4 Rxd4 59. Be6 Kg6 60. g4
Kf6 61. Bg8 Rd1+ 62. Rxd1 Bxd1 63. Kf1 Ke5 64. Ke1 Ba4 65. Kd2 Bd7 66. h5 Kf4
67. Bh7 Bxg4 68. Bg6 Bf5 69. Bf7 e3+ 70. fxe3+ Kg3 71. Bc4 Bh3 72. e4 f2 73. e5
f1=Q 74. Bxf1 Bxf1 75. Ke3 0-1

[Event "Xtracon Grandmaster "]
[Site "Koge"]
[Date "2013.10.19"]
[Round "8"]
[White "Antonsen, Mikkel"]
[Black "Hoi, Carsten"]
[Result "1/2-1/2"]
[WhiteElo "2449"]
[BlackElo "2393"]
[PlyCount "69"]
[EventDate "2013.10.14"]
[EventType "swiss"]
[EventRounds "9"]
[EventCountry "DEN"]
[Source "ChessBase"]
[SourceDate "2013.11.20"]

1. d4 g6 2. c4 Bg7 3. e4 d6 4. Nc3 e5 5. Nge2 Nc6 6. d5 Nce7 7. h4 Nf6 8. f3 c5
9. Be3 a6 10. Qd2 h5 11. a4 Bd7 12. a5 b5 13. axb6 Qxb6 14. Nc1 O-O 15. Be2 a5
16. Nd3 Kh7 17. Rg1 Rh8 18. g4 Rab8 19. Bg5 Qd8 20. Nf2 Ne8 21. Nb5 hxg4 22.
Qxa5 Qxa5+ 23. Rxa5 f6 24. Bd2 gxf3 25. Bxf3 Rb7 26. h5 Bh6 27. hxg6+ Kg7 28.
Bg4 Bxd2+ 29. Kxd2 f5 30. exf5 Rh2 31. Ke1 Nxf5 32. Ra7 Rxa7 33. Nxa7 Nf6 34.
Bxf5 Bxf5 35. Nb5 1/2-1/2

[Event "Xtracon Grandmaster "]
[Site "Koge"]
[Date "2013.10.19"]
[Round "8"]
[White "Bekker Jensen, David"]
[Black "Lund, Silas"]
[Result "1/2-1/2"]
[WhiteElo "2321"]
[BlackElo "2416"]
[PlyCount "51"]
[EventDate "2013.10.14"]
[EventType "swiss"]
[EventRounds "9"]
[EventCountry "DEN"]
[Source "ChessBase"]
[SourceDate "2013.11.20"]

1. d4 d5 2. c4 e6 3. Nc3 Nf6 4. cxd5 exd5 5. Bg5 c6 6. Qc2 Be7 7. e3 Nbd7 8.
Bd3 O-O 9. Nf3 Re8 10. O-O Nf8 11. h3 Ne4 12. Bf4 Nxc3 13. bxc3 Ng6 14. Rab1
Bd6 15. Bxd6 Qxd6 16. Rfc1 Qf6 17. Qd1 Re7 18. a4 Be6 19. a5 Rd8 20. c4 a6 21.
Rb2 Bc8 22. Rb6 Ree8 23. Rb2 Re7 24. Rbc2 Be6 25. Rb1 Red7 26. Rbc1 1/2-1/2

[Event "Xtracon Grandmaster "]
[Site "Koge"]
[Date "2013.10.19"]
[Round "8"]
[White "Bengtsson, Tage"]
[Black "Jorgensen, Rasmus"]
[Result "1-0"]
[WhiteElo "2099"]
[BlackElo "2062"]
[PlyCount "143"]
[EventDate "2013.10.14"]
[EventType "swiss"]
[EventRounds "9"]
[EventCountry "DEN"]
[Source "ChessBase"]
[SourceDate "2013.11.20"]

1. d4 g6 2. c4 Nf6 3. Nc3 Bg7 4. e4 d6 5. Be2 O-O 6. Bg5 Na6 7. Nf3 e5 8. O-O
h6 9. Be3 exd4 10. Nxd4 Nc5 11. f3 a5 12. Rc1 Re8 13. Re1 Nh7 14. Nb3 Ne6 15.
Qd2 a4 16. Nd4 Ra5 17. Ncb5 c6 18. b4 Ra8 19. Nxe6 Rxe6 20. Nd4 Re8 21. Bxh6
Be5 22. Bf4 Nf6 23. Nc2 Nh5 24. Bxe5 dxe5 25. Qxd8 Rxd8 26. Red1 Be6 27. a3 Nf4
28. Bf1 b5 29. Ne3 Rd4 30. g3 Nh3+ 31. Bxh3 Bxh3 32. cxb5 cxb5 33. g4 Rad8 34.
Nd5 f5 35. Rxd4 exd4 36. Kf2 fxg4 37. fxg4 Rf8+ 38. Kg3 Bf1 39. Nf4 Bc4 40.
Nxg6 Re8 41. Kf4 d3 42. Ke3 Bd5 43. e5 Kg7 44. Rc5 Bc4 45. Nf4 Rd8 46. Kd2 Rd4
47. Nh5+ Kf7 48. h3 Re4 49. Ng3 Rf4 50. e6+ Kxe6 51. Rf5 Rd4 52. Rf3 Rd8 53.
Nh5 Kd5 54. g5 Ke4 55. Rg3 Kf5 56. Nf6 Rd4 57. Rg4 Rxg4 58. Nxg4 Kxg5 59. Ne5
Be6 60. Kxd3 Bxh3 61. Kd4 Kf5 62. Nc6 Kf4 63. Na7 Bd7 64. Kc5 Ke4 65. Nxb5 Kd3
66. Nd6 Kc3 67. b5 Kb3 68. b6 Bg4 69. b7 Kxa3 70. Nc4+ Ka2 71. b8=Q a3 72. Qb4
1-0

[Event "Xtracon Grandmaster "]
[Site "Koge"]
[Date "2013.10.19"]
[Round "8"]
[White "Christensen, Casper"]
[Black "Molvig, Henrik"]
[Result "1/2-1/2"]
[WhiteElo "1977"]
[BlackElo "2162"]
[PlyCount "34"]
[EventDate "2013.10.14"]
[EventType "swiss"]
[EventRounds "9"]
[EventCountry "DEN"]
[Source "ChessBase"]
[SourceDate "2013.11.20"]

1. e4 c5 2. Nf3 d6 3. c3 Nf6 4. Qc2 Bg4 5. Be2 e6 6. d4 Be7 7. O-O O-O 8. Be3
Nc6 9. Nbd2 Rc8 10. Qa4 Qd7 11. Bd3 Bxf3 12. gxf3 a6 13. Kh1 Ne5 14. Qxd7 Nexd7
15. f4 cxd4 16. cxd4 Ng4 17. Rac1 Nxe3 1/2-1/2

[Event "Xtracon Grandmaster "]
[Site "Koge"]
[Date "2013.10.19"]
[Round "8"]
[White "Christophersen, David"]
[Black "Andersen, Daniel"]
[Result "0-1"]
[WhiteElo "1811"]
[BlackElo "1933"]
[PlyCount "110"]
[EventDate "2013.10.14"]
[EventType "swiss"]
[EventRounds "9"]
[EventCountry "DEN"]
[Source "ChessBase"]
[SourceDate "2013.11.20"]

1. d4 Nf6 2. c4 g6 3. Nc3 d5 4. Bg5 Ne4 5. Nxe4 dxe4 6. e3 Bg7 7. Qc2 c5 8.
Qxe4 h6 9. Bf4 Qa5+ 10. Kd1 Nc6 11. Qd5 Qb4 12. Qxc5 Qxb2 13. Rc1 Qxf2 14. Ne2
g5 15. d5 gxf4 16. dxc6 O-O 17. c7 Qxe3 18. Qxe3 fxe3 19. Nc3 Bxc3 20. Rxc3
Bg4+ 21. Be2 Bxe2+ 22. Kxe2 Rac8 23. Kxe3 Rxc7 24. Rd1 Rfc8 25. Rd4 b5 26. Rg4+
Kh7 27. Rf4 Kg7 28. Kd2 Rxc4 29. Rg3+ Kf8 30. Rf5 R8c5 31. Rxc5 Rxc5 32. Ra3
Rc7 33. h4 e6 34. Ra5 Rc4 35. Rxb5 Ra4 36. g3 Rxa2+ 37. Ke3 Kg7 38. Kf4 Ra4+
39. Ke5 Rg4 40. Rb3 a5 41. Kd6 Rb4 42. Ra3 a4 43. Ke7 h5 44. Rf3 Rb7+ 45. Kd6
Rb3 46. Rf4 Rxg3 47. Rxa4 Rg4 48. Ra3 Rxh4 49. Ke7 Kg6 50. Ra8 Rf4 51. Rg8+ Kh7
52. Rg5 Rf5 53. Rg2 Kh6 54. Rg8 h4 55. Kf8 e5 0-1

[Event "Xtracon Grandmaster "]
[Site "Koge"]
[Date "2013.10.19"]
[Round "8"]
[White "Degerfeldt, Sven"]
[Black "Pedersen, Hans Dahl"]
[Result "1/2-1/2"]
[WhiteElo "1929"]
[BlackElo "2187"]
[PlyCount "113"]
[EventDate "2013.10.14"]
[EventType "swiss"]
[EventRounds "9"]
[EventCountry "DEN"]
[Source "ChessBase"]
[SourceDate "2013.11.20"]

1. d4 d5 2. c4 c6 3. cxd5 cxd5 4. Nc3 Nf6 5. Bf4 Nc6 6. e3 a6 7. Bd3 e6 8. Rc1
Bd6 9. Bxd6 Qxd6 10. Nf3 O-O 11. a3 Bd7 12. O-O e5 13. dxe5 Nxe5 14. Nxe5 Qxe5
15. Be2 Bc6 16. Bf3 Rad8 17. Qb3 Rd6 18. Rfd1 Ne4 19. Bxe4 dxe4 20. Rxd6 Qxd6
21. Rd1 Qe5 22. Qb6 f5 23. g3 g5 24. Ne2 Qb5 25. Qxb5 Bxb5 26. Nd4 Bd3 27. Rc1
f4 28. gxf4 gxf4 29. Ne6 Rf6 30. Nxf4 Rb6 31. b4 a5 32. Nxd3 exd3 33. bxa5 Rb3
34. a4 Kf7 35. Kf1 Ke6 36. Ke1 Kd6 37. Kd2 Rb2+ 38. Kxd3 Rxf2 39. h4 Rf5 40.
Rc4 Rxa5 41. Ke4 b5 42. axb5 Rxb5 43. Kf4 Ke6 44. Rc6+ Kf7 45. Rc4 Kg6 46. Kg4
h5+ 47. Kf4 Rf5+ 48. Ke4 Rf1 49. Rc6+ Kh7 50. Ke5 Rf3 51. e4 Rh3 52. Kf5 Rxh4
53. e5 Rh1 54. e6 Kg7 55. Rc7+ Kf8 56. Kf6 Rf1+ 57. Kg5 1/2-1/2

[Event "Xtracon Grandmaster "]
[Site "Koge"]
[Date "2013.10.19"]
[Round "8"]
[White "Elzubeir, Omar"]
[Black "Nielsen, Bjorn"]
[Result "1-0"]
[WhiteElo "1448"]
[BlackElo "1431"]
[PlyCount "147"]
[EventDate "2013.10.14"]
[EventType "swiss"]
[EventRounds "9"]
[EventCountry "DEN"]
[Source "ChessBase"]
[SourceDate "2013.11.20"]

1. e4 e5 2. Bc4 Bc5 3. Nc3 Nf6 4. d3 O-O 5. Bg5 Be7 6. Nf3 Nc6 7. Bd2 d6 8. Nd5
Bg4 9. Nxe7+ Qxe7 10. a3 Nd4 11. h3 Nxf3+ 12. gxf3 Bh5 13. Rg1 Bg6 14. h4 Nh5
15. Bg5 Qd7 16. Rh1 Kh8 17. Qd2 f6 18. Be3 c6 19. O-O-O c5 20. Kb1 a6 21. Bd5
Rab8 22. f4 Bf7 23. Bxf7 Qxf7 24. f5 Rg8 25. f4 Nxf4 26. Bxf4 exf4 27. Qxf4
Rbd8 28. h5 h6 29. Rdg1 Qf8 30. Rg2 Rd7 31. Rhg1 Rf7 32. Rf2 Rd7 33. c3 Rd8 34.
Rg6 Rd7 35. d4 cxd4 36. cxd4 Rf7 37. e5 dxe5 38. dxe5 Qd8 39. Rd2 fxe5 40. Qe3
Qc8 41. Qxe5 Qxf5+ 42. Qxf5 Rxf5 43. Rh2 Rgf8 44. Rhg2 R8f7 45. Rh2 Kg8 46. Rb6
Re7 47. Rh3 Rf2 48. Rg3 Rh2 49. Rxh6 Ree2 50. Rb6 Rxh5 51. Rxb7 Rh7 52. Rf3 Re8
53. Rg3 Ra8 54. b4 Rf8 55. Ra7 Rf1+ 56. Kb2 Rh2+ 57. Kb3 Rhf2 58. Rgxg7+ Kf8
59. Rgb7 Re1 60. Ra8+ Re8 61. Rxa6 Re3+ 62. Ka4 Rff3 63. Ra8+ Re8 64. Rxe8+
Kxe8 65. b5 Rf4+ 66. Ka5 Kd8 67. Rh7 Kc8 68. b6 Rd4 69. a4 Rd5+ 70. Ka6 Rd6 71.
a5 Rd8 72. Ka7 Rd5 73. b7+ Kd8 74. b8=Q# 1-0

[Event "Xtracon Grandmaster "]
[Site "Koge"]
[Date "2013.10.19"]
[Round "8"]
[White "Eriksson, Kristian"]
[Black "Hansen, Verner"]
[Result "1-0"]
[WhiteElo "2093"]
[BlackElo "1903"]
[PlyCount "51"]
[EventDate "2013.10.14"]
[EventType "swiss"]
[EventRounds "9"]
[EventCountry "DEN"]
[Source "ChessBase"]
[SourceDate "2013.11.20"]

1. e4 d5 2. exd5 Qxd5 3. Nc3 Qa5 4. d4 c6 5. Nf3 Bf5 6. Ne5 Nf6 7. Bc4 e6 8.
O-O Bd6 9. Bf4 Bxe5 10. Bxe5 Nbd7 11. Bd6 Nd5 12. Bxd5 cxd5 13. Re1 Nf6 14. a4
a6 15. Qd2 Kd7 16. Be5 Qd8 17. Ra3 Ne4 18. Nxe4 Bxe4 19. Qb4 b6 20. f3 Bf5 21.
Rc3 Rc8 22. Ree3 f6 23. Bg3 Qe7 24. Qxb6 Rc4 25. b3 Qb4 26. Qa7+ 1-0

[Event "Xtracon Grandmaster "]
[Site "Koge"]
[Date "2013.10.19"]
[Round "8"]
[White "Fransson, Pia"]
[Black "Pawlak, Wojciech Zbignew"]
[Result "1-0"]
[WhiteElo "1558"]
[BlackElo "1681"]
[PlyCount "47"]
[EventDate "2013.10.14"]
[EventType "swiss"]
[EventRounds "9"]
[EventCountry "DEN"]
[Source "ChessBase"]
[SourceDate "2013.11.20"]

1. d4 Nf6 2. Bf4 g6 3. Nf3 Bg7 4. e3 d6 5. h3 O-O 6. Be2 Nh5 7. Bh2 c5 8. O-O
Nc6 9. c3 Nf6 10. Nbd2 a6 11. a4 Bd7 12. Nc4 cxd4 13. exd4 Nd5 14. Qb3 Be6 15.
Ng5 Qc7 16. Bf3 b5 17. Nxe6 fxe6 18. axb5 Rfb8 19. Ne3 Rxb5 20. Nxd5 exd5 21.
Bxd5+ Kh8 22. Qc4 Rb6 23. Qe2 Re8 24. Rxa6 1-0

[Event "Xtracon Grandmaster "]
[Site "Koge"]
[Date "2013.10.19"]
[Round "8"]
[White "Gleizerov, Evgeny"]
[Black "Nielsen, Peter Heine"]
[Result "1/2-1/2"]
[WhiteElo "2545"]
[BlackElo "2649"]
[PlyCount "32"]
[EventDate "2013.10.14"]
[EventType "swiss"]
[EventRounds "9"]
[EventCountry "DEN"]
[Source "ChessBase"]
[SourceDate "2013.11.20"]

1. d4 Nf6 2. c4 g6 3. Nc3 d5 4. cxd5 Nxd5 5. Bd2 Nb6 6. Nf3 Bg7 7. e3 O-O 8.
Rc1 Nc6 9. Bb5 e5 10. Bxc6 exd4 11. Be4 dxc3 12. Bxc3 Qxd1+ 13. Kxd1 Re8 14.
Bxg7 Kxg7 15. Bb1 c6 16. Nd4 Re5 1/2-1/2

[Event "Xtracon Grandmaster "]
[Site "Koge"]
[Date "2013.10.19"]
[Round "8"]
[White "Hein, Jacob"]
[Black "Knudsen, Martin Mosgaard"]
[Result "0-1"]
[WhiteElo "1459"]
[BlackElo "1683"]
[PlyCount "56"]
[EventDate "2013.10.14"]
[EventType "swiss"]
[EventRounds "9"]
[EventCountry "DEN"]
[Source "ChessBase"]
[SourceDate "2013.11.20"]

1. Nf3 c5 2. g3 Nc6 3. c3 d5 4. d4 Nf6 5. Bg5 e6 6. Ne5 Be7 7. Bxf6 Bxf6 8.
Nxc6 bxc6 9. dxc5 Qa5 10. b4 Qc7 11. e3 O-O 12. a4 a5 13. b5 cxb5 14. Bxb5 Qxc5
15. Qd3 Bb7 16. O-O Rfc8 17. Rc1 d4 18. Ra3 dxc3 19. Raxc3 Bxc3 20. Rxc3 Qb4
21. Bc6 Rxc6 22. Rxc6 Bxc6 23. Nc3 Bxa4 24. Kg2 Bc6+ 25. Kh3 a4 26. Qc2 a3 27.
Na2 Qb7 28. Nb4 Bg2+ 0-1

[Event "Xtracon Grandmaster "]
[Site "Koge"]
[Date "2013.10.19"]
[Round "8"]
[White "Johansson, Alexander"]
[Black "Rendboe, John Filip"]
[Result "1-0"]
[WhiteElo "2049"]
[BlackElo "2214"]
[PlyCount "67"]
[EventDate "2013.10.14"]
[EventType "swiss"]
[EventRounds "9"]
[EventCountry "DEN"]
[Source "ChessBase"]
[SourceDate "2013.11.20"]

1. d4 d5 2. Nc3 Nf6 3. Bg5 c6 4. f3 Bf5 5. e4 dxe4 6. Bxf6 gxf6 7. fxe4 Bg6 8.
Nf3 e6 9. a3 Nd7 10. Bd3 Qc7 11. Qe2 O-O-O 12. O-O-O Qa5 13. Na2 Nb6 14. Kb1
Bg7 15. Nd2 Na4 16. h4 h5 17. Nb3 Qc7 18. Rh3 e5 19. d5 Kb8 20. dxc6 Qxc6 21.
Nb4 Qc8 22. Nd5 Qg4 23. Qe1 Rd6 24. Ne3 Qd7 25. Qb4 Rb6 26. Qa5 Rd8 27. Nd5
Rxb3 28. cxb3 Nc5 29. Bc2 Nxe4 30. Bxe4 Bxe4+ 31. Ka2 Qe6 32. Re3 f5 33. Rxe4
fxe4 34. Nc7 1-0

[Event "Xtracon Grandmaster "]
[Site "Koge"]
[Date "2013.10.19"]
[Round "8"]
[White "Jorgensen, Mikkel"]
[Black "Malmqvist, Glenn"]
[Result "1-0"]
[WhiteElo "1866"]
[BlackElo "2102"]
[PlyCount "67"]
[EventDate "2013.10.14"]
[EventType "swiss"]
[EventRounds "9"]
[EventCountry "DEN"]
[Source "ChessBase"]
[SourceDate "2013.11.20"]

1. e4 c5 2. Nf3 d6 3. d4 cxd4 4. Nxd4 e5 5. Nb5 a6 6. N5c3 Be7 7. Nd5 Nf6 8.
Nbc3 Be6 9. Nxf6+ Bxf6 10. Nd5 O-O 11. Be3 Nd7 12. Be2 Be7 13. O-O Nf6 14. Bb6
Qd7 15. Nc7 Rac8 16. Nxe6 fxe6 17. Bd3 Qc6 18. Be3 Bd8 19. c3 Re8 20. Qf3 Bb6
21. Bg5 Rf8 22. Qe2 Rce8 23. Rad1 Nd7 24. Bc2 h6 25. Bc1 Rf6 26. Be3 Bc7 27.
Qg4 Nf8 28. g3 Re7 29. Qe2 Ref7 30. Rd2 Rf3 31. Bf4 exf4 32. Qxf3 fxg3 33. Qxg3
Ng6 34. Qxg6 1-0

[Event "Xtracon Grandmaster "]
[Site "Koge"]
[Date "2013.10.19"]
[Round "8"]
[White "Kjartansson, Gudmundur"]
[Black "Solodovnichenko, Yuri"]
[Result "0-1"]
[WhiteElo "2447"]
[BlackElo "2583"]
[PlyCount "120"]
[EventDate "2013.10.14"]
[EventType "swiss"]
[EventRounds "9"]
[EventCountry "DEN"]
[Source "ChessBase"]
[SourceDate "2013.11.20"]

1. d4 d5 2. c4 c6 3. cxd5 cxd5 4. Bf4 Nc6 5. e3 Nf6 6. Bd3 Bg4 7. Qb3 Na5 8.
Qa4+ Bd7 9. Qc2 Nc6 10. a3 Qa5+ 11. Qd2 Qxd2+ 12. Nxd2 Nh5 13. Be5 f6 14. Bg3
e5 15. Ne2 Bd6 16. Rc1 Kf7 17. Nb3 Rac8 18. Kd2 Ne7 19. Rxc8 Rxc8 20. Rc1 Nxg3
21. hxg3 e4 22. Bb1 b6 23. Ba2 f5 24. Rh1 Ng8 25. Nbc1 Nf6 26. Nc3 Be6 27. N1e2
g5 28. Rc1 h5 29. Bb3 a6 30. Rh1 b5 31. Na2 Kg6 32. Rc1 Rxc1 33. Naxc1 b4 34.
axb4 Bxb4+ 35. Nc3 Bxc3+ 36. bxc3 Nd7 37. Bd1 Nb6 38. Nb3 Nc4+ 39. Kc1 Bd7 40.
Nc5 Bb5 41. Ne6 Nb6 42. f4 g4 43. Nc7 Bc4 44. Kd2 a5 45. Be2 a4 46. Na6 a3 47.
Nb4 a2 48. Nc2 Bxe2 49. Kxe2 Nc4 50. Na1 Kf6 51. Nc2 Ke6 52. Na1 Kd6 53. Nc2
Kc7 54. Kf2 Kb6 55. Kg1 Nxe3 56. Nxe3 a1=Q+ 57. Kh2 Kc6 58. c4 dxc4 59. Nxc4
Qxd4 60. Ne5+ Kb5 0-1

[Event "Xtracon Grandmaster "]
[Site "Koge"]
[Date "2013.10.19"]
[Round "8"]
[White "Larsen, Preben R"]
[Black "Wang, Peter"]
[Result "0-1"]
[WhiteElo "1821"]
[BlackElo "1941"]
[PlyCount "190"]
[EventDate "2013.10.14"]
[EventType "swiss"]
[EventRounds "9"]
[EventCountry "DEN"]
[Source "ChessBase"]
[SourceDate "2013.11.20"]

1. c4 d6 2. Nc3 Nd7 3. Nf3 e5 4. d4 c6 5. Bg5 Qc7 6. d5 Ngf6 7. e3 Be7 8. Be2
O-O 9. Rc1 Re8 10. e4 Nf8 11. O-O c5 12. h3 h6 13. Be3 g5 14. Nh2 Ng6 15. Ng4
Kg7 16. Nxf6 Bxf6 17. Bg4 Rh8 18. Nb5 Qb8 19. Bxc8 Rxc8 20. Nc3 b6 21. Ne2 b5
22. Ng3 Kh7 23. Qg4 Rc7 24. cxb5 Qxb5 25. Rc2 Qd7 26. Qf3 Bg7 27. Nf5 Nh4 28.
Nxh4 gxh4 29. Qh5 Qe7 30. Qf5+ Kg8 31. Rfc1 Rb8 32. Bd2 Rcb7 33. b3 Kf8 34. b4
Qd7 35. Qxd7 Rxd7 36. bxc5 dxc5 37. Rxc5 Rb2 38. R5c2 Rdb7 39. a3 Ke8 40. Bb4
Rxc2 41. Rxc2 Kd7 42. Rc6 Rb6 43. Rc1 Bf6 44. Ba5 Rb7 45. Rc6 Bg5 46. Bb4 a5
47. Rd6+ Ke8 48. Bxa5 Rb1+ 49. Kh2 Bf4+ 50. g3 hxg3+ 51. fxg3 Bg5 52. Rb6 Ra1
53. Rb8+ Kd7 54. Rb3 Ra2+ 55. Kg1 Re2 56. Rb4 Re3 57. Rb7+ Ke8 58. Bd2 Rxg3+
59. Kh2 Rxa3 60. Bxg5 hxg5 61. Rb4 Rd3 62. Kg2 Kf8 63. Rb2 Kg7 64. Re2 Kg6 65.
Rf2 Rd4 66. Kf3 f5 67. exf5+ Kf6 68. Kg3 Rxd5 69. Kg4 Rd4+ 70. Kg3 e4 71. Kg2
Rd5 72. Re2 Kxf5 73. Rb2 Kf4 74. Rf2+ Ke3 75. Kg3 Kd3 76. Ra2 e3 77. Ra3+ Ke4
78. Ra4+ Rd4 79. Ra8 Kd3 80. Ra3+ Ke2 81. Ra2+ Rd2 82. Ra5 Rd1 83. Ra2+ Ke1 84.
Ra5 e2 85. Rxg5 Kf1 86. Re5 e1=Q+ 87. Rxe1+ Kxe1 88. Kg4 Kf2 89. h4 Ke3 90. h5
Ke4 91. Kg5 Ke5 92. Kg6 Ke6 93. h6 Rg1+ 94. Kh7 Kf6 95. Kh8 Kg6 0-1

[Event "Xtracon Grandmaster "]
[Site "Koge"]
[Date "2013.10.19"]
[Round "8"]
[White "Moller, Arne"]
[Black "Svensson, Soren"]
[Result "1/2-1/2"]
[WhiteElo "1847"]
[BlackElo "2015"]
[PlyCount "94"]
[EventDate "2013.10.14"]
[EventType "swiss"]
[EventRounds "9"]
[EventCountry "DEN"]
[Source "ChessBase"]
[SourceDate "2013.11.20"]

1. e4 e5 2. Nf3 Nc6 3. Bb5 a6 4. Ba4 Nf6 5. O-O Nxe4 6. d4 b5 7. Bb3 d5 8. dxe5
Be6 9. Be3 Be7 10. c3 O-O 11. Nbd2 Nc5 12. Bc2 Bg4 13. Qb1 h6 14. Bf5 Bxf5 15.
Qxf5 Qd7 16. Qxd7 Nxd7 17. Bd4 Rfe8 18. Rfe1 Bf8 19. a4 b4 20. c4 Nxd4 21. Nxd4
Nxe5 22. cxd5 Nd3 23. Rxe8 Rxe8 24. b3 Rd8 25. N2f3 Rxd5 26. Rd1 Nf4 27. g3 Ne6
28. Rd2 c5 29. Nc6 Rxd2 30. Nxd2 f5 31. Nb8 Nc7 32. Nd7 Be7 33. Kf1 Kf7 34. Ke2
Ke6 35. Nb6 g5 36. Nbc4 Nd5 37. f3 Bd8 38. Kd3 Bc7 39. Nf1 h5 40. Nb2 f4 41. g4
hxg4 42. fxg4 Be5 43. Nc4 Bc3 44. h3 Be1 45. Nh2 Bc3 46. Nf3 Bf6 47. Ncd2 Nc3
1/2-1/2

[Event "Xtracon Grandmaster "]
[Site "Koge"]
[Date "2013.10.19"]
[Round "8"]
[White "Nielsen, Jens Holm"]
[Black "Jacobsen, Mikkel Manosri"]
[Result "0-1"]
[WhiteElo "1844"]
[BlackElo "1928"]
[PlyCount "66"]
[EventDate "2013.10.14"]
[EventType "swiss"]
[EventRounds "9"]
[EventCountry "DEN"]
[Source "ChessBase"]
[SourceDate "2013.11.20"]

1. Nc3 d5 2. e4 c6 3. f4 dxe4 4. Nxe4 Nd7 5. Nf3 Ngf6 6. Nf2 e6 7. g3 Bd6 8.
Bg2 b6 9. O-O Bb7 10. Qe2 O-O 11. Nd3 Ba6 12. Ng5 Qc7 13. Ne4 Nxe4 14. Qxe4 Nc5
15. Qf3 Nxd3 16. cxd3 Rac8 17. b3 Bc5+ 18. Kh1 Rfd8 19. Bb2 Bxd3 20. Be5 Qb7
21. Rfc1 Bg6 22. h4 Rd3 23. Qg4 h5 24. Qe2 Rcd8 25. Be4 Rxd2 26. Qf3 Rf2 27.
Bxc6 Rdd2 28. Rxc5 Qe7 29. Qxf2 Rxf2 30. Rc3 Qd8 31. Rc4 Qd2 32. Rd4 Rh2+ 33.
Kg1 Qf2# 0-1

[Event "Xtracon Grandmaster "]
[Site "Koge"]
[Date "2013.10.19"]
[Round "8"]
[White "Nielsen, Kai Gylling"]
[Black "Pondal, Jesper"]
[Result "1-0"]
[WhiteElo "1809"]
[BlackElo "2031"]
[PlyCount "45"]
[EventDate "2013.10.14"]
[EventType "swiss"]
[EventRounds "9"]
[EventCountry "DEN"]
[Source "ChessBase"]
[SourceDate "2013.11.20"]

1. d4 f5 2. Nf3 Nf6 3. g3 e6 4. Bg2 d5 5. O-O Bd6 6. b3 O-O 7. c4 c6 8. Nc3 Qe7
9. Ne5 Bd7 10. f4 Be8 11. h3 Bh5 12. Bf3 Bxf3 13. exf3 Na6 14. Be3 Bb4 15. Ne2
b6 16. Nxc6 Qd6 17. Ne5 Rac8 18. a3 Bxa3 19. Bc1 Bxc1 20. Rxa6 Be3+ 21. Kg2 Qb4
22. Qd3 Qd2 23. Rd1 1-0